1837 1839 1560 1939 1479 1594 1470 1281 1081 1206 1583 1311 1191 1353 1112 1443 1918 1754 1080 1798 1227 1679 1633 1810 1693 1874 1940 1623 1915 1229 1793 1976 1956 1188 1423 1595 1378 1348 1233 1725 1173 1202 1783 1245 1801 1725 1147 1303 1430 1138 1477 1503 1006 1866 1008 1167 1188 1295 1194 1668 1015 1588 1093 1265 1383 1376 1136 1716 1730 1384 1171 1921 1921 1331 1758 1109 1392 1936 1589 1007 1604 1833 1263 1885 1129 1733 1820 1661 1870 1855 1992 1400 1661 1868 1536 1222 1260 1882 1604 BCNSPRNW ULIB Ver.6.0+V

เปลี่ยนเป็นภาษาไทย

Change to English
 แสดงรายละเอียดบรรณานุกรม
  กลับหน้าหลัก

Brief Record : Get Marc (ISO 2709) : E-mail record : QR code < ปิดหน้าต่าง
LEADER : 00000nam 2200000uu 4500
001    13399122591
003     ULIB
008    020711s2545 th a 000 0 tha d
020    9747406349
090    นว.^bV643ล
100    Victor Hugo;^e เขียน
245    ลูกทะเล /^cVictor Hugo ; เขียน,ธีรา สุขสวัสดิ์ ณ อยุธยา ; แปล
260    กรุงเทพฯ :^bข้าวฟ่าง,^c2545
300    276 หน้า
700    ธีรา สุขสวัสดิ์ ณ อยุธยา ;^e แปล
945    ^p140^l0^i20037
999    ^aทศพร เกษรทอง
รายการนี้ยังไม่มีแท็ก
คุณยังไม่ได้ล็อกอิน คุณสามารถมีกิจกรรมร่วมกับเว็บไซต์ได้ แต่ต้องล็อกอินก่อน ::
  ล็อกอิน

รายการสื่อสารสนเทศ

ลำดับที่ ประเภท เลขเรียก/บาร์โค้ด สถานที่ สถานะ
1. นวนิยาย
นวนิยาย
นว. V643ล ฉ.1 
  Barcode: 20037
ห้องสมุดวิทยาเขตสวรรค์ประชารักษ์
►นวนิยาย
บนชั้น
  ขอยืม

BibComment


ยังไม่เคยถูกคอมเมนท์

คอมเมนท์ทรัพยากรรายการนี้
  คอมเมนท์: ลูกทะเล Victor H..


 Copyright 2026. Bcnsprnw @Library